000 00805nam a22002177a 4500
999 _c19371
_d19371
008 240226b ||||| |||| 00| 0 eng d
020 _a9781119739975
082 _aDC 370.15
_bL544 2023
100 _aLemov, Doug.
_944167
245 _aReconnect :
_bbuilding school culture for meaning, purpose, and belonging /
_cDoug Lemov and three others.
260 _aHoboken, NJ :
_bJossey-Bass,
_c©2023.
300 _axiii, 234 pages :
_billustrations ;
_c23 cm.
500 _aIncludes index.
650 _aSchool environment.
_92209
650 _aCOVID-19 Pandemic, 2020
_xInfluence.
_953481
650 _aBelonging (Social psychology).
_953482
700 _aLweis, Hilary.
_eauthor.
_953400
700 _aWilliams, Daryl.
_eauthor.
_953401
700 _aFrazier, Denarius.
_eauthor.
_953402
942 _2ddc
_cDC